Geography Quiz

Random Geography or City Quiz

Sporcle's Easiest Capitals (Per Continent) Quiz Stats

Quiz Updated Mar 22, 2015

Challenge
Share
Tweet
Embed
Score 0/30 Timer 05:00
0 Plays Today
Hint Answer % Correct
EuropeParis
99.5%
EuropeLondon
98.9%
EuropeRome
98.3%
North AmericaWashington, D.C
97.1%
EuropeBerlin
96.5%
AsiaTokyo
96%
EuropeMadrid
95.9%
AsiaMoscow
94.8%
North AmericaMexico City
94%
AsiaBeijing
92.7%
AfricaCairo
92.1%
AsiaSeoul
87.9%
North AmericaPanama City
84.3%
North AmericaHavana
84.3%
AsiaJerusalem
83.5%
Hint Answer % Correct
North AmericaOttawa
82.1%
South AmericaBrasília
81.6%
AfricaPretoria
80.1%
South AmericaLima
78.9%
OceaniaCanberra
78.4%
AfricaTunis
74.7%
South AmericaBuenos Aires
74.4%
OceaniaWellington
70.9%
South AmericaSantiago
68.4%
AfricaAlgiers
67.4%
South AmericaBogotá
64.9%
AfricaDjibouti
63.2%
OceaniaPort Moresby
30.9%
OceaniaSuva
28.5%
OceaniaApia
23.6%

You're not logged in!

Compare scores with friends on all Sporcle quizzes.
Join for Free
OR
Log In

You Might Also Like...

Show Comments

Extras

Top Quizzes Today


Score Distribution

Your Account Isn't Verified!

In order to create a playlist on Sporcle, you need to verify the email address you used during registration. Go to your Sporcle Settings to finish the process.

Report this User

Report this user for behavior that violates our Community Guidelines.

Details: